<?xml version="1.0" encoding="UTF-8"?>
<record
    xmlns:xsi="http://www.w3.org/2001/XMLSchema-instance"
    xsi:schemaLocation="http://www.loc.gov/MARC21/slim http://www.loc.gov/standards/marcxml/schema/MARC21slim.xsd"
    xmlns="http://www.loc.gov/MARC21/slim">

  <leader>01068nab a2200253uuc4500</leader>
  <controlfield tag="001">978007</controlfield>
  <controlfield tag="005">20250221090821.0</controlfield>
  <controlfield tag="008">060606s2003                        spa  </controlfield>
  <datafield tag="035" ind1=" " ind2=" ">
    <subfield code="a">978007</subfield>
  </datafield>
  <datafield tag="035" ind1=" " ind2=" ">
    <subfield code="a">(OCoLC)820352131</subfield>
  </datafield>
  <datafield tag="040" ind1=" " ind2=" ">
    <subfield code="c">comduadb</subfield>
  </datafield>
  <datafield tag="041" ind1=" " ind2=" ">
    <subfield code="a">spa</subfield>
  </datafield>
  <datafield tag="100" ind1="1" ind2="0">
    <subfield code="a">Vel&#xE1;squez Rico, Martha Nubia</subfield>
    <subfield code="4">ive</subfield>
    <subfield code="e">ive</subfield>
  </datafield>
  <datafield tag="245" ind1="1" ind2="0">
    <subfield code="a">Pronunciamiento de las facultades de Derecho de Antioquia sobre los examenes de calidad de la educacion superior</subfield>
  </datafield>
  <datafield tag="650" ind1=" " ind2=" ">
    <subfield code="a">Autonom&#xED;a universitaria - Colombia</subfield>
    <subfield code="9">13924</subfield>
  </datafield>
  <datafield tag="650" ind1=" " ind2=" ">
    <subfield code="a">ECAES (Examen de Competencias Acad&#xE9;micas de la Educaci&#xF3;n Superior )</subfield>
    <subfield code="9">123029</subfield>
  </datafield>
  <datafield tag="650" ind1=" " ind2=" ">
    <subfield code="a">Facultades de Derecho - Colombia</subfield>
    <subfield code="9">105411</subfield>
  </datafield>
  <datafield tag="650" ind1=" " ind2="7">
    <subfield code="a">Calidad de la educaci&#xF3;n superior</subfield>
    <subfield code="2"></subfield>
    <subfield code="9">43175</subfield>
  </datafield>
  <datafield tag="700" ind1="1" ind2="0">
    <subfield code="a">Pe&#xF1;a Alzate, Oscar</subfield>
    <subfield code="4">ive</subfield>
    <subfield code="0">(viaf)50805908</subfield>
    <subfield code="e">ive</subfield>
    <subfield code="9">252145</subfield>
  </datafield>
  <datafield tag="700" ind1="1" ind2="0">
    <subfield code="a">Betancur Londo&#xF1;o, Juan Guillermo</subfield>
    <subfield code="4">ive</subfield>
    <subfield code="e">ive</subfield>
    <subfield code="9">423947</subfield>
  </datafield>
  <datafield tag="700" ind1="1" ind2="0">
    <subfield code="a">Sanchez Gallego, Juan Guillermo</subfield>
    <subfield code="4">ive</subfield>
    <subfield code="e">ive</subfield>
    <subfield code="9">549362</subfield>
  </datafield>
  <datafield tag="773" ind1="0" ind2=" ">
    <subfield code="t">Alma Mater. Universidad de Antioquia.(Medell&#xED;n)</subfield>
    <subfield code="g">N&#xFA;mero 516, Noviembre 2003, p. 4-5</subfield>
    <subfield code="w">700931</subfield>
    <subfield code="x">1657-4303</subfield>
    <subfield code="0">212942</subfield>
  </datafield>
  <datafield tag="942" ind1=" " ind2=" ">
    <subfield code="c">ARIMP</subfield>
  </datafield>
  <datafield tag="999" ind1=" " ind2=" ">
    <subfield code="c">388258</subfield>
    <subfield code="d">388258</subfield>
  </datafield>
</record>
